Katalog zapasnych častej avtomobiľa-samosvala MAZ-525.

Uložené v:
Podrobná bibliografia
Médium: Kniha
Jazyk:Russian
Vydané: Moskva : Mašgiz, 1962.
Fyzický popis: 302 strán.
Tagy: Pridať tag
Žiadne tagy, Buďte prvý kto otaguje tento záznam!

MARC

LEADER 00000nam a22000002i 4500
001 000674321
005 20211215100710.0
008 210428s1962 ru e 000 0 rus d
020 |c Kčs 37,20  |q (viazaná) 
040 |a SVKKK  |b slo  |c SVKKK  |e rda 
245 0 0 |a Katalog zapasnych častej avtomobiľa-samosvala MAZ-525. 
264 1 |a Moskva :  |b Mašgiz,  |c 1962. 
300 |a 302 strán. 
336 |a text  |b txt  |2 rdacontent 
337 |a bez média  |b n  |2 rdamedia 
338 |a zväzok  |b nc  |2 rdacarrier 
500 |a Záznam revízie 
910 |a svkkk 
998 |a BK 
090 |g SCKHL  |k Sklad Pribinova 3. posch.  |a V0.1412  |j 08468  |i 2720821532  |s Vyradená